| 000 | 004870000a22002170004500 | ||
|---|---|---|---|
| 005 | 20120302061740.0 | ||
| 942 | _cBOOK | ||
| 100 | _a Furst,Lilian R. | ||
| 245 | _a Romanticism | ||
| 260 | _aLondon:Methuen & Co.Ltd.,1969. | ||
| 300 | _a8,77p. | ||
| 490 | _aThe Critical Idims-2 | ||
| 040 | _aENG | ||
| 650 | _aPhilosophy | ||
| 650 | _aRomanticism | ||
| 650 | _aDefinitions | ||
| 650 | _aUsage | ||
| 650 | _aRomantic Movement | ||
| 650 | _aPrehistory | ||
| 650 | _aProblems | ||
| 999 |
_c354789 _d354786 |
||